000 00687nam a2200289Ia 4500
005 20260324115450.0
008 008 260324s9999 xx 000 0 eng d
020 _a9781351046510
037 _aEBOOK
040 _aCRL
040 _beng
040 _cCRL
041 _2eng
041 _aeng
084 _qCRL
100 _aParimelazhagan Thangaraj
_91152616
245 0 _aMedicinal Plants
245 0 _bPromising Future for Health and New Drugs
260 _bTaylor and Francis
260 _c2018
365 _a
365 _b370
856 _uhttp://www.taylorfrancis.com/books/9781351046510
942 _cEBOOK
999 _c1745670
_d1745670